Operational research

Bibliographic Details
Main Authors: Harper, W. M. (Author), Lim, H. C. (Author)
Format: Book
Language:English
Published: London : Pitman Publishing Ltd 1982
Edition:Second edition
Subjects:

MARC

LEADER 00000cam a2200000 7i4500
001 0000000865
005 20240912.0
008 240620 enk a eng
020 |a 0712115439 (paperback) 
040 |a INS   |b eng   |e rda 
090 0 0 |a HD20.5   |b .H366 1982 
100 1 |a Harper, W. M. ,   |e author 
245 1 0 |a Operational research   |c W. M. Harper and H. C. Lim 
250 |a Second edition 
264 1 |a London :   |b Pitman Publishing Ltd   |c 1982 
264 4 |c ©1982 
300 |a x, 310 pages :   |b illustrations ;   |c 18 cm. 
336 |a text  |2 rdacontent 
337 |a unmediated  |2 rdamedia 
338 |a volume  |2 rdacarrier 
500 |a Includes index 
650 0 |a Operations research 
700 1 |a Lim, H. C. ,   |e author 
999 |a 0000002644   |b BOOK   |c Open Shelf   |e Default branch